000 00326nam a2200133Ia 4500
008 240624s9999 xx 000 0 und d
041 _aeng
082 _a332 TAX
100 _aGADGE ADITYA
245 _aCERTIFIED CREDIT RESEARCH ANALYST LEVEL
260 _c2013
_aNew Delhi
_bTaxmann
300 _a336 : p.
365 _cRS
_b30
999 _c22738
_d22738